| 000 | 00773nam a2200241Ia 4500 | ||
|---|---|---|---|
| 003 | OSt | ||
| 005 | 20220926010034.0 | ||
| 006 | a|||||r|||| 00| 0 | ||
| 007 | ta | ||
| 008 | 220923b |||||||| |||| 00| 0 eng d | ||
| 020 |
_a9789350533998 _c1270.75 |
||
| 037 |
_b2751, 06/03/2014, Paramount International _cGeneral Book |
||
| 040 |
_aRTL _cRTL _beng |
||
| 041 |
_2eng _aeng |
||
| 082 | _aZ2,345, Q4 | ||
| 245 | 0 | _aRAMAIYA'S COMMENTARY on the sale of goods act. Revised by K. Shanmukham and H.K. Saharay. | |
| 250 | _a5th | ||
| 260 |
_a New Delhi _bUniversal Law Publishing _c2014 |
||
| 300 |
_acxxiv, 1160p _ccm. |
||
| 650 | _aCommerce | ||
| 942 |
_hZ2,345, Q4 _cGB _2CC |
||
| 999 |
_c616198 _d616198 |
||